000 01106cam a22002654a 4500
999 _c232767
_d232767
001 12136289
003 Nust
005 20170223114124.0
008 000809s1999 pk a 000 0 eng
010 _a 00698800
020 _a0195791479
040 _aDLC
_cDLC
_dDLC
042 _apcc
043 _aa-pk---
050 0 0 _aHG5740.5.A3
_bC67 1999
082 _a338.6041095491
245 1 0 _aCorporate finance in Pakistan :
_bcase studies from an emerging market /
_ceditors, Bashir Ahmad Khan, Syed Mubashir Ali.
260 _aLahore, Pakistan :
_bLahore University of Management Sciences ;
_aOxford ;
_aNew York :
_bOxford University Press,
_c1999.
300 _a345 p. :
_bill. ;
_c28 cm.
650 0 _aCorporations
_zPakistan
_xFinance
_xCase studies.
650 0 _aCorporations
_zPakistan
_xFinance.
700 1 _aK̲h̲ān, Bashīr Aḥmad.
700 1 _aMubashir Ali, Syed.
856 4 2 _3Publisher description
_uhttp://www.loc.gov/catdir/enhancements/fy0639/00698800-d.html
906 _a7
_bcbc
_corignew
_d2
_encip
_f20
_gy-gencatlg
942 _2ddc
_cBK